00673nam a22002295a 450000500170000000800410001701000170005802000230007503500170009803700210011504000130013608200100014910000180015924500840017725000110026126000370027230000370030950000380034650000200038465000220040470000170042620040816151637.0040526s2004 inua 001 0 eng  aB-276196-229 a8131707792c299.00 aB-276196-229 a064/10.6.08bUBH aDPLbENG a004.6 aHabraken, Joe aSams teach yourself networking in 24 hours /cby Joe Habraken [and] Matt Hayden a3rd ed aDelhi bPearson Education c2007 axv, 462 p. bill. c24 cm (pbk)  aPrevious ed. entered under Hayden aIncludes index. aComputer networks aHayden, Matt